书目信息 |
| 题名: |
宋人话本七种
|
|
| 作者: | ;亚东图书馆 辑 | |
| 分册: | ||
| 出版信息: | 北京 中国书店 1988.9 |
|
| 页数: | 182页 | |
| 开本: | 19cm | |
| 丛书名: | ||
| 单 册: | ||
| 中图分类: | I242.3 | |
| 科图分类: | ||
| 主题词: | 话本小说--中国--两宋时代--选集 | |
| 电子资源: | ||
| ISBN: | 7-80568-041-8 | |
| 000 | 00766nam0 2200265 45 | |
| 001 | 0189004810 | |
| 005 | 20040421143021.3 | |
| 010 | @a7-80568-041-8@dCNY2.70 | |
| 020 | @aCN@b89004810 | |
| 100 | @a19900816d1988 m y0chiy0120 ea | |
| 101 | 0 | @achi |
| 102 | @aCN@b110000 | |
| 105 | @ay z 000zy | |
| 106 | @ar | |
| 200 | 10 | @a宋人话本七种@Asong ren hua ben qi zhong@f亚东图书馆辑@Fya dong tu shu guan ji |
| 205 | @b影印本 | |
| 210 | @a北京@c中国书店@d1988.9 | |
| 215 | @a182页@d19cm | |
| 300 | @a本书据亚东图书馆1951年版影印 | |
| 540 | 1 | @a宋人话本@Asong ren hua ben |
| 606 | @a话本小说@y中国@z两宋时代@x选集 | |
| 690 | @aI242.3@v1980 | |
| 711 | 02 | @a亚东图书馆@Aya dong tu shu guan@4辑 |
| 801 | 0 | @aCN@bNLC@c19900816 |
| 905 | @f1@b220212@dI242.3@e10 | |
| 宋人话本七种/亚东图书馆辑.-影印本.-北京:中国书店,1988.9 |
| 182页;19cm |
| 本书据亚东图书馆1951年版影印 |
| ISBN 7-80568-041-8:CNY2.70 |
| ● |
| 相关链接 |
|
|
|
|
正题名:宋人话本七种
索取号:I242.3/10
 
预约/预借
| 序号 | 登录号 | 条形码 | 馆藏地/架位号 | 状态 | 备注 |
| 1 | 0220212 | 000178480 | 第二借阅区/ [索取号:I242.3/10] | 在馆 | |
| 2 | 0220213 | 000178426 | 第一样本阅览室/ [索取号:I242.3/10] | 在馆 |